<?xml version="1.0" encoding="UTF-8"?>
<record
    xmlns:xsi="http://www.w3.org/2001/XMLSchema-instance"
    xsi:schemaLocation="http://www.loc.gov/MARC21/slim http://www.loc.gov/standards/marcxml/schema/MARC21slim.xsd"
    xmlns="http://www.loc.gov/MARC21/slim">

  <leader>02456nam a2200337 a 4500</leader>
  <controlfield tag="003">OSt</controlfield>
  <controlfield tag="005">20250828103134.0</controlfield>
  <controlfield tag="007">cr ||||||a|a|a</controlfield>
  <controlfield tag="008">250819s2025    mx a|||fom||| 001 0 spa d</controlfield>
  <datafield tag="040" ind1=" " ind2=" ">
    <subfield code="e">rda</subfield>
  </datafield>
  <datafield tag="100" ind1="1" ind2=" ">
    <subfield code="a">Nu&#xF1;ez Rodr&#xED;guez, Estefan&#xED;a Yamileth</subfield>
    <subfield code="9">190934</subfield>
  </datafield>
  <datafield tag="245" ind1="1" ind2="0">
    <subfield code="a">Importancia de la sistem&#xE1;tica vegetal en interacci&#xF3;n Rubus y hongos fitopat&#xF3;genos en Hidalgo y Puebla, M&#xE9;xico /</subfield>
    <subfield code="c">por Estefan&#xED;a Yamileth; director de tesis Roney Solano Vidal; secretario Antonio Cort&#xE9;s Jim&#xE9;nez; vocal Mar&#xED;a de Jes&#xFA;s Ya&#xF1;ez Rodr&#xED;guez; suplente Luis Emilio Castillo M&#xE1;rquez; suplente Calixto Leopoldo Carrillo Fonseca.</subfield>
  </datafield>
  <datafield tag="264" ind1=" " ind2="1">
    <subfield code="a">Chapingo, M&#xE9;xico :</subfield>
    <subfield code="b">El autor,</subfield>
    <subfield code="c">2025.</subfield>
  </datafield>
  <datafield tag="300" ind1=" " ind2=" ">
    <subfield code="a">1 recurso en l&#xED;nea (59 p&#xE1;ginas):</subfield>
    <subfield code="b">cuadros, figuras.</subfield>
  </datafield>
  <datafield tag="336" ind1=" " ind2=" ">
    <subfield code="2">rdacontent</subfield>
    <subfield code="a">texto</subfield>
    <subfield code="b">txt</subfield>
  </datafield>
  <datafield tag="337" ind1=" " ind2=" ">
    <subfield code="2">rdamedia</subfield>
    <subfield code="a">computadora</subfield>
    <subfield code="b">c</subfield>
  </datafield>
  <datafield tag="338" ind1=" " ind2=" ">
    <subfield code="2">rdacarrier</subfield>
    <subfield code="a">recurso en l&#xED;nea</subfield>
    <subfield code="b">cr</subfield>
  </datafield>
  <datafield tag="502" ind1=" " ind2=" ">
    <subfield code="b">IAEPA</subfield>
    <subfield code="c">Parasitolog&#xED;a</subfield>
    <subfield code="d">2025.</subfield>
    <subfield code="g">LIC</subfield>
  </datafield>
  <datafield tag="504" ind1=" " ind2=" ">
    <subfield code="a">Incluye referencias bibliogr&#xE1;ficas: p&#xE1;ginas 50-52.</subfield>
  </datafield>
  <datafield tag="520" ind1=" " ind2=" ">
    <subfield code="a">Para la identificaci&#xF3;n de especies de zarzamora silvestre en los meses de abril-mayo de 2024, se hicieron colectas en la Caba&#xF1;a, Tejocotal y La B&#xF3;veda, todos del municipio de Acaxochitl&#xE1;n. Hidalgo. En el municipio de Huauchinango, Puebla se muestre&#xF3; en el puente Totolapa y Venta Grande y en Chiconcuatla, Puebla en la localidad de Mimitla, en total se obtuvieron 12 muestras. El material fue prensado en campo y la identificaci&#xF3;n se realiz&#xF3; en el Herbario-Hortorio JES del Departamento de la Preparatoria Agr&#xED;cola de la Universidad Aut&#xF3;noma Chapingo. Utilizando las claves espec&#xED;ficas para la familia ros&#xE1;cea de diferentes autores, las especies identificadas fueron: Rubus pringlei, R. glaucus, R. eriocarpus, R. avaro, R. fagifolius, R. adenotrichos y R. vulcanicola.</subfield>
  </datafield>
  <datafield tag="650" ind1=" " ind2="4">
    <subfield code="a">Hongos fitopat&#xF3;genos</subfield>
    <subfield code="x">Identificaci&#xF3;n</subfield>
    <subfield code="9">131720</subfield>
  </datafield>
  <datafield tag="650" ind1=" " ind2="4">
    <subfield code="a">Zarzamora</subfield>
    <subfield code="x">Identificaci&#xF3;n</subfield>
    <subfield code="9">191143</subfield>
  </datafield>
  <datafield tag="650" ind1=" " ind2="4">
    <subfield code="a">Zarzamora</subfield>
    <subfield code="x">Enfermedades por hongos</subfield>
    <subfield code="9">123735</subfield>
  </datafield>
  <datafield tag="700" ind1="1" ind2=" ">
    <subfield code="a">Solano Vidal, Roney</subfield>
    <subfield code="9">189248</subfield>
    <subfield code="e">director.</subfield>
  </datafield>
  <datafield tag="700" ind1="1" ind2=" ">
    <subfield code="a">Cort&#xE9;s Jim&#xE9;nez, Antonio</subfield>
    <subfield code="9">188854</subfield>
    <subfield code="e">secretario.</subfield>
  </datafield>
  <datafield tag="700" ind1="1" ind2=" ">
    <subfield code="a">Y&#xE1;&#xF1;ez Morales, Mar&#xED;a de Jes&#xFA;s</subfield>
    <subfield code="9">123131</subfield>
    <subfield code="e">vocal.</subfield>
  </datafield>
  <datafield tag="700" ind1="1" ind2=" ">
    <subfield code="a">Castillo M&#xE1;rquez, Luis Emilio</subfield>
    <subfield code="9">20176</subfield>
    <subfield code="e">suplente.</subfield>
  </datafield>
  <datafield tag="700" ind1="1" ind2=" ">
    <subfield code="a">Carrillo Fonseca, Calixto Leopoldo</subfield>
    <subfield code="9">19482</subfield>
    <subfield code="e">suplente.</subfield>
  </datafield>
  <datafield tag="856" ind1=" " ind2=" ">
    <subfield code="z">DESCARGAR PDF</subfield>
    <subfield code="u">http://10.13.5.2/tesis/tl/1911736-4_NUNEZ_RODRIGUEZ_ESTEFANIAYAMILETH.pdf</subfield>
  </datafield>
  <datafield tag="942" ind1=" " ind2=" ">
    <subfield code="2">Clasificaci&#xF3;n Universidad Aut&#xF3;noma Chapingo</subfield>
    <subfield code="c">TD</subfield>
  </datafield>
  <datafield tag="999" ind1=" " ind2=" ">
    <subfield code="c">220835</subfield>
    <subfield code="d">220835</subfield>
  </datafield>
  <datafield tag="952" ind1=" " ind2=" ">
    <subfield code="0">0</subfield>
    <subfield code="1">0</subfield>
    <subfield code="2">local</subfield>
    <subfield code="4">0</subfield>
    <subfield code="5">1</subfield>
    <subfield code="7">0</subfield>
    <subfield code="8">TesDigL</subfield>
    <subfield code="a">BD</subfield>
    <subfield code="b">BD</subfield>
    <subfield code="c">E_L</subfield>
    <subfield code="d">2025-08-19</subfield>
    <subfield code="l">0</subfield>
    <subfield code="o">Tesis digital</subfield>
    <subfield code="r">2025-08-19 14:23:17</subfield>
    <subfield code="w">2025-08-19</subfield>
    <subfield code="y">TD</subfield>
  </datafield>
</record>
